Study on attitude and intention of investors investing in stock market with reference to GEOJIT Financial Services Ltd. Honnavar / (Record no. 231828)
[ view plain ]
| 000 -LEADER | |
|---|---|
| fixed length control field | 00778nam a22002057a 4500 |
| 003 - CONTROL NUMBER IDENTIFIER | |
| control field | OSt |
| 005 - DATE AND TIME OF LATEST TRANSACTION | |
| control field | 20240918152620.0 |
| 008 - FIXED-LENGTH DATA ELEMENTS--GENERAL INFORMATION | |
| fixed length control field | 240918b ||||| |||| 00| 0 eng d |
| 040 ## - CATALOGING SOURCE | |
| Transcribing agency | AIMIT LIBRARY |
| 100 ## - MAIN ENTRY--PERSONAL NAME | |
| Personal name | Rodrigues, Veniston Francis. |
| Relator term | 2216227 |
| 9 (RLIN) | 179355 |
| 245 ## - TITLE STATEMENT | |
| Title | Study on attitude and intention of investors investing in stock market with reference to GEOJIT Financial Services Ltd. Honnavar / |
| Statement of responsibility, etc. | By Veniston Francis Rodrigues; Guided by Harinakshi |
| 260 ## - PUBLICATION, DISTRIBUTION, ETC. | |
| Place of publication, distribution, etc. | Honnavar |
| Date of publication, distribution, etc. | 2024 |
| 650 ## - SUBJECT ADDED ENTRY--TOPICAL TERM | |
| Topical term or geographic name entry element | Literature review |
| 9 (RLIN) | 179356 |
| 650 ## - SUBJECT ADDED ENTRY--TOPICAL TERM | |
| Topical term or geographic name entry element | conceptual framework |
| 9 (RLIN) | 179357 |
| 650 ## - SUBJECT ADDED ENTRY--TOPICAL TERM | |
| Topical term or geographic name entry element | Sampling design |
| 9 (RLIN) | 179358 |
| 650 ## - SUBJECT ADDED ENTRY--TOPICAL TERM | |
| Topical term or geographic name entry element | Data analysis and interpretation |
| 9 (RLIN) | 179359 |
| 700 ## - ADDED ENTRY--PERSONAL NAME | |
| Personal name | Harinakshi |
| Relator term | Guide |
| 9 (RLIN) | 179360 |
| 856 ## - ELECTRONIC LOCATION AND ACCESS | |
| Materials specified | GEOJIT Financial Services Ltd. |
| 942 ## - ADDED ENTRY ELEMENTS (KOHA) | |
| Source of classification or shelving scheme | Dewey Decimal Classification |
| Koha item type | Project Report |
| Withdrawn status | Lost status | Source of classification or shelving scheme | Damaged status | Not for loan | Collection code | Home library | Current library | Shelving location | Date acquired | Total Checkouts | Barcode | Date last seen | Copy number | Price effective from | Koha item type |
|---|---|---|---|---|---|---|---|---|---|---|---|---|---|---|---|
| Dewey Decimal Classification | Not for loan | Project Report MBA | St Aloysius Institute of Management & Information Technology | St Aloysius Institute of Management & Information Technology | Dissertations | 09/18/2024 | PRB02439 | 09/18/2024 | 2216227 | 09/18/2024 | Project Report |